Country Emojis - Statistics

General Stats
  • This quiz has been taken 155 times
  • The average score is 17 of 20
Answer Stats
Emojis Country % Correct
๐ŸŒถ๏ธ๐ŸŒต๐Ÿฅ‘๐ŸŒฎ Mexico
100%
๐Ÿ—ฝ๐Ÿฆ…๐Ÿ”๐Ÿ’ต United States
100%
๐Ÿท๐Ÿ•๐Ÿโ›ช Italy
98%
๐ŸŒธ๐Ÿ—ปโ›ฉ๏ธ๐Ÿค Japan
96%
๐Ÿผ๐Ÿœ๐Ÿ‰๐Ÿงง China
95%
๐Ÿจ๐Ÿฆ˜๐ŸŒŠ๐Ÿ๏ธ Australia
94%
๐Ÿท๐Ÿฅ–๐Ÿฅ๐ŸŽจ France
94%
๐Ÿบ๐Ÿฅจ๐ŸŒญ๐Ÿฐ Germany
90%
๐Ÿโ„๏ธ๐Ÿ’๐ŸฆŒ Canada
89%
๐Ÿป๐Ÿฅถโ™Ÿ๏ธ๐Ÿš€ Russia
85%
โšฝ๐ŸŒด๐Ÿ’ƒ๐Ÿฆœ Brazil
83%
๐Ÿ›๏ธ๐Ÿฅ™๐ŸŽญ๐Ÿฌ Greece
79%
๐Ÿ›•๐Ÿฆš๐Ÿฅป๐Ÿ India
79%
๐Ÿง€๐Ÿซ๐Ÿ„๐Ÿ”๏ธ Switzerland
79%
๐Ÿ‘‘โ˜•๐ŸŽฉ๐Ÿฆ United Kingdom
78%
๐Ÿช๐Ÿ•Œ๐Ÿ•‹๐Ÿœ๏ธ Saudi Arabia
76%
๐ŸŒท๐ŸŸ ๐Ÿšฒโš“ Netherlands
71%
โšฝ๐Ÿง‰๐Ÿฅฉ๐ŸŒž Argentina
63%
๐Ÿ˜๐Ÿ’ŽโœŠ๐Ÿฝ๐ŸŒˆ South Africa
58%
๐Ÿฆ™๐Ÿฅ”โ›ฐ๏ธ๐ŸŸ Peru
53%
No matching quizzes found
Score Distribution
Percent of People with Each Score
Percentile by Number Answered
Your Score History
You have not taken this quiz